[Event "Romanian Team Rapid Open 2022"]
[Site "Sebes"]
[Date "2022.12.03"]
[Round "2.9"]
[White "Baratosi, Daniel"]
[Black "David, Alexandru-Vasile"]
[Result "1-0"]
[WhiteElo "2335"]
[BlackElo "2404"]
[Annotator "TA"]
[PlyCount "69"]
[EventDate "2022.12.03"]
[EventType "rapid"]
[EventCountry "ROU"]
[SourceTitle "playchess.com"]
[Source "ChessBase"]
[SourceQuality "1"]

{[%evp 9,69,0,3,4,4,6,0,-20,8,-13,-22,-35,-41,-50,-52,-71,-59,-82,-80,-102,-59,-60,-43,-74,-77,-63,-38,-37,-39,-47,-42,-54,-38,-71,-23,-29,55,55,54,27,48,33,61,49,41,14,90,94,120,149,144,123,132,68,190,166,155,134,5310,5310,29994,29995]} 1. e4 c5 2. Nf3 d6 3. d4 cxd4 4. Qxd4 Nc6 5. Bb5 a6 6. Bxc6+ {B53: Sicilian: 2...d6: Lines with Qxd4.} bxc6 7. Nc3 e5 8. Qc4 {The position is equal.} Ne7 9. O-O (9. Be3 $5 {[%cal Re1c1]}) 9... Be6 10. Qd3 {[#]} Ng6 $146 ({Predecessor:} 10... f6 11. Nh4 g5 12. Nf3 Ng6 13. Ne2 d5 14. c3 Bg7 15. Be3 O-O 16. Rfd1 Rf7 {0-1 (47) Sriram,J (2356)-Collas,D (2365) Kolkata 2000}) 11. Bg5 f6 12. Bd2 Be7 13. Ne2 d5 14. Ng3 dxe4 15. Qxe4 Bd5 16. Qe2 Bxf3 17. gxf3 O-O (17... Nh4 {looks sharper.} 18. Qe4 g5 19. Qxc6+ Kf7) 18. Rad1 Qc8 19. Kh1 Rd8 20. Qc4+ Rd5 21. Be3 Qe6 (21... Rb8 $17 {White must now prevent ...Rb4.} 22. c3 (22. Rxd5 cxd5 23. Qxd5+ Kh8 $15) 22... Qd7) 22. Qg4 Qf7 ({Black should try} 22... Qxg4 $11 23. fxg4 Rb8) 23. c4 $1 $14 Rdd8 24. Nf5 Kh8 25. b3 c5 26. h4 {White is much more active.} Nf8 27. Rd5 {Nxe7 is the strong threat.} (27. Qe4 {simplifies} g6 28. Nxe7 Qxe7 29. Rd5) 27... Rxd5 (27... Ne6 $1 $11 {keeps the balance.}) 28. cxd5 $16 g6 29. Nxe7 Qxe7 {[#]} 30. Rc1 $1 {[%cal Bf1c1,Bc1c5,Bc5c7][%mdl 32]} f5 31. Qg5 ({White should play} 31. Qa4 $16) 31... Qf7 (31... Qd6 $14) 32. Rxc5 $18 ({Weaker is} 32. Bxc5 Qxd5 33. Kh2 (33. Qf6+ Kg8 $11) 33... Kg8 $11) 32... Nd7 {Hoping for ...f4.} 33. Rc7 {[%cal Oh4h5] And now h5! would win.} Qxd5 $2 {[%mdl 8192]} (33... Re8 $16 34. Kg2 Qxd5) 34. Qe7 {[#] Intending Bg5 and mate.} Qxf3+ 35. Kh2 {Weighted Error Value: White=0.12 (very precise) /Black=0.35} 1-0

[Event "Romanian Team Rapid Open 2022"]
[Site "Sebes"]
[Date "2022.12.03"]
[Round "2.10"]
[White "Ghimpu, Samuel-Timotei"]
[Black "Illes, Sandor-Ferenc"]
[Result "1-0"]
[WhiteElo "2455"]
[BlackElo "1876"]
[Annotator "TA"]
[PlyCount "53"]
[EventDate "2022.12.03"]
[EventType "rapid"]
[EventCountry "ROU"]
[SourceTitle "playchess.com"]
[Source "ChessBase"]
[SourceQuality "1"]

{[%evp 14,53,35,26,38,35,64,55,72,47,46,64,87,72,116,109,153,142,152,122,124,115,164,160,226,131,451,450,406,424,550,566,544,497,651,639,807,795,799,716,1654,1077]} 1. e4 e5 2. Nf3 Nc6 3. Bc4 Nf6 {[%cal Bg8f6,Bf6d5,Bd5f4,Bf4e6,Be6d4][%mdl 32]} 4. Ng5 d5 5. exd5 Na5 6. Bb5+ c6 7. dxc6 bxc6 8. Bd3 {Nowadays more popular than 8.Be2.} Nd5 {C58: Two Knights: 4 Ng5 d5 5 exd5 Na5 sidelines.} 9. Nf3 ({And not} 9. Qh5 g6 10. Nxf7 gxh5 $17) 9... Nf4 10. Bf1 Bd6 {White is slightly better.} 11. d3 {Inhibits e4.} (11. d4 {with more complications.} e4 12. Ne5 Ne6 13. Nc3) 11... O-O 12. g3 Ne6 (12... Bg4 $2 13. gxf4 Re8 14. Bg2 $18) 13. Bg2 f5 14. O-O Qf6 {[#]} 15. Bd2 $146 ({Predecessor:} 15. Nc3 Bd7 16. Re1 Rae8 17. Bd2 Nb7 18. Rb1 g5 19. h3 g4 20. hxg4 Nd4 21. g5 Nxf3+ 22. Qxf3 {1-0 (51) Ghimpu,S (2299)-Muromtsev,A (2161) Chess.com INT 2021}) 15... Nb7 16. Bc3 Nd4 17. Nbd2 Be6 (17... Nb5 $16 {was necessary.}) 18. Re1 $18 Rad8 (18... Rae8 $16 {was called for.} 19. Nc4 Bd5 20. Nxd4 exd4) 19. Nb3 ({Better is} 19. Nxd4 $18 exd4 {[#]} 20. Bxd4 $1 {[%mdl 512]} (20. Bxc6 $2 {perishes.} dxc3 21. bxc3 Na5 $19) 20... Qxd4 21. Rxe6) 19... Bc7 $2 {[%mdl 8192]} (19... Nxf3+ $16 {is a better chance.} 20. Bxf3 f4) 20. Nfxd4 exd4 21. Nxd4 ({Worse is} 21. Bxc6 dxc3 22. Bxb7 cxb2 $17) 21... Bd5 {[#] White is clearly winning.} 22. Ne6 $1 {[%mdl 512]} Qf7 23. Nxd8 Nxd8 24. Bxd5 Qxd5 25. Re7 {[%csl LRc7,LRg7]} Rf7 26. Qe2 {Strongly threatening Re8+.} f4 {[#]} 27. Rxc7 $1 {Black got outplayed after the opening.   Weighted Error Value: White=0.16 (very precise) /Black=0.68} 1-0

[Event "Romanian Team Rapid Open 2022"]
[Site "Sebes"]
[Date "2022.12.03"]
[Round "2.11"]
[White "Nagy-Elek, Tamas"]
[Black "Anton, Teodor"]
[Result "1/2-1/2"]
[WhiteElo "1976"]
[BlackElo "2438"]
[Annotator "TA"]
[PlyCount "53"]
[EventDate "2022.12.03"]
[EventType "rapid"]
[EventCountry "ROU"]
[SourceTitle "playchess.com"]
[Source "ChessBase"]
[SourceQuality "1"]

{[%evp 11,53,29,52,25,47,0,12,0,14,13,58,68,62,74,84,81,76,21,64,57,49,42,39,32,38,14,36,5,9,4,48,52,55,42,52,0,0,0,0,0,0,0,0,0]} 1. e4 c5 2. Nf3 d6 3. Bb5+ Nd7 {[%cal Bb8d7,Bd7e5,Be5f3][%mdl 32]} 4. O-O Ngf6 5. Re1 a6 6. Bf1 Ne5 7. c3 {[%cal Bc2c3,Bc3d4,Bd4e5][%mdl 32] B51: Sicilian: Moscow Variation (3 Bb5+) without 3...Bd7.} Bg4 8. Be2 {[#]} (8. d4 $5 {[%cal Rd4e5]} Nxf3+ 9. gxf3 $14) 8... Bxf3 $146 (8... Nxe4 $2 9. Nxe5 Bxe2 10. Qxe2 $18) ({Predecessor:} 8... Nxe4 9. Qa4+ Qd7 10. Qxe4 Bf5 11. Nxe5 Bxe4 12. Nxd7 Kxd7 13. Bg4+ f5 14. Rxe4 e6 15. Bxf5 exf5 {1-0 (35) Gokce,M (1739)-Motor,U Konya 2016}) 9. Bxf3 Nxf3+ 10. Qxf3 Qd7 11. d4 cxd4 12. cxd4 e6 13. Nc3 {Prevents d5.} Rd8 14. Bf4 ({Better is} 14. e5 $16 dxe5 15. dxe5) 14... Be7 15. e5 {White is more active.} dxe5 16. dxe5 Nd5 17. Red1 O-O 18. Nxd5 exd5 19. Rd3 (19. Rac1 {seems wilder.} Qe6 20. Rc7 f6 21. Qh3) 19... d4 20. Rad1 Bc5 21. Bg5 Rc8 {[#]} 22. Bf6 $1 Rfe8 (22... gxf6 23. Qh5) 23. Bxg7 Kxg7 $11 {The position is equal.} 24. Qf6+ Kf8 {...Qg4 is the strong threat.} 25. Qh6+ Ke7 26. Qf6+ (26. Qxh7 $2 {loses.} Rh8 27. Qg7 Qf5 $19) 26... Kf8 {[#] White must now prevent ...Qg4.} 27. Qh6+ {Weighted Error Value: White=0.17 (very precise) /Black=0.10 (very precise)} 1/2-1/2

[Event "Romanian Team Rapid Open 2022"]
[Site "Sebes"]
[Date "2022.12.03"]
[Round "2.12"]
[White "Talu, Mircea"]
[Black "Chiheri, Alexandru-Virgil"]
[Result "1-0"]
[WhiteElo "2327"]
[BlackElo "1937"]
[Annotator "TA"]
[PlyCount "75"]
[EventDate "2022.12.03"]
[EventType "rapid"]
[EventCountry "ROU"]
[SourceTitle "playchess.com"]
[Source "ChessBase"]
[SourceQuality "1"]

{[%evp 19,75,-22,0,-31,-18,-26,0,-24,0,-67,-2,-46,-58,-192,-182,-169,29,-24,-25,-108,-102,-99,-106,-102,80,50,121,121,122,116,125,129,183,197,191,194,195,185,218,214,227,216,262,268,316,337,385,386,445,429,602,586,608,568,868,863,791,475]} 1. Nf3 d5 2. b3 Nf6 3. Bb2 Bf5 4. c4 e6 5. g3 h6 6. Bg2 c6 7. O-O Be7 8. d3 O-O 9. Na3 Nbd7 10. Nc2 Bh7 {[#]} 11. Re1 $146 {A12: English Opening: 1...c6 with b3 by White.} ({Predecessor:} 11. Qd2 a5 12. Rac1 Qb6 13. cxd5 exd5 14. Bh3 Rfe8 15. Ne3 a4 16. Qc2 Bf8 17. Bc3 axb3 18. axb3 Bb4 {0-1 (76) Kashlyak,A (2511)-Raykin,L (2530) ICCF email 2008}) 11... Re8 12. Qd2 Qc7 13. Rac1 {The position is equal.} Rad8 14. Qc3 (14. cxd5 $11 cxd5 15. Ne3) 14... Bf8 (14... e5 $1 $15) 15. Nd2 c5 16. d4 (16. e3 $15) 16... cxd4 $19 17. Nxd4 dxc4 ({Better is} 17... Qb6 $19 {Strongly threatening ...Bb4.} 18. Ba1 e5) 18. Qxc4 (18. Nxc4 $142 Be4 19. Red1) 18... Qb8 $11 {aiming for ...Nb6.} 19. Qc7 (19. Nf1 $11) 19... Qxc7 $17 20. Rxc7 {[#]} Nc5 {...e5 is the strong threat.} 21. Rc1 Nfd7 (21... e5 $17 22. N4f3 Ne6 23. Rxb7 e4 24. Rxa7 (24. Bxf6 gxf6 25. Nxe4 Bxe4 $17) 24... exf3 25. Nxf3 Ne4) 22. Nc4 $36 {[%mdl 2048] White fights for an advantage.} (22. Bxb7 {is more complex.} e5 23. Nc6 Nxb7 24. Nxd8 Rxd8 25. Rxb7 Nc5 26. Rxa7 Rxd2 27. Ba3) 22... a6 (22... Nb6 $14) 23. Bxb7 $16 {White is much more active.} Nxb7 24. Rxb7 Be4 {Prevents Nc6.} 25. Rc7 Be7 (25... f6 $16 26. Nd2 Bd5) 26. Nc6 $18 Bxc6 27. Rxc6 Nb8 28. Rc7 f6 29. Kg2 e5 30. h4 {[%cal Bh2h4,Bh4h5][%mdl 32]} Kf7 31. h5 Rd5 32. e4 Rd3 {[#]} 33. Bxe5 $1 {[%mdl 512]} Red8 {Inhibits Nd6+.} (33... Kg8 34. Bf4) 34. Bf4 {White is clearly winning.} Ke8 (34... Nd7 $142 35. Ne3 Bf8) 35. Ne3 {[%cal Bc4e3,Be3f5,Bf5g7][%mdl 32]} Ba3 36. R1c2 Be7 37. Nf5 {[%csl LRe7,LRg7]} Bf8 38. Nxg7+ {White used his chance.   Weighted Error Value: White=0.26 (precise) /Black=0.47} 1-0

[Event "Romanian Team Rapid Open 2022"]
[Site "Sebes"]
[Date "2022.12.03"]
[Round "2.13"]
[White "Miron, Lucian-Costin"]
[Black "Patrascu, Catalin-Lucian"]
[Result "1-0"]
[WhiteElo "2510"]
[BlackElo "2279"]
[Annotator "TA"]
[PlyCount "67"]
[EventDate "2022.12.03"]
[EventType "rapid"]
[EventCountry "ROU"]
[SourceTitle "playchess.com"]
[Source "ChessBase"]
[SourceQuality "1"]

{[%evp 13,67,8,3,1,18,18,20,22,27,20,33,8,15,0,18,20,28,26,22,18,51,41,108,67,71,68,89,75,87,60,70,70,92,64,66,72,109,39,50,25,48,59,52,56,559,546,531,500,759,752,737,730,764,779,739,729]} 1. Nf3 Nf6 2. g3 d5 3. Bg2 c6 4. O-O Bg4 5. c4 Nbd7 6. cxd5 cxd5 7. d4 e6 8. Bf4 {A11: English Opening: 1...c6.} Bxf3 9. Bxf3 {[#]} Qb6 $146 ({Predecessor:} 9... Nb6 10. Nc3 Bd6 11. Bg5 Be7 12. Qb3 O-O 13. Rfc1 h6 14. Bxf6 Bxf6 15. e3 a6 16. Be2 Qd6 17. Rc2 Rfc8 18. Rac1 Be7 19. Na4 Rxc2 20. Rxc2 Nxa4 21. Qxa4 Qd8 22. Bd3 Rc8 {½-½ (22) Hartoch,R (2395)-Huss,A Biel 1979}) 10. Nc3 {The position is equal.} Bd6 11. Na4 Qa6 12. Bd2 O-O 13. e3 b6 14. Nc3 Rac8 15. Be2 Qb7 16. Qa4 {[#] aiming for Ba6.} a5 17. Rfc1 Bb8 (17... Bb4 $14) 18. Bb5 (18. b4 {seems wilder.} Bd6 19. bxa5 bxa5 20. Rab1) 18... Rfd8 19. Qd1 Nf8 {[%cal Bd7f8,Bf8e6,Be6c5][%mdl 32]} 20. Qe2 {And now Ba6 would win.} Qe7 21. a3 e5 22. Ba6 Rc7 23. Nb5 {[%cal Bc3b5,Bb5d4,Bd4c6][%mdl 32]} Rxc1+ 24. Rxc1 ({Much worse is} 24. Bxc1 e4 $11) 24... Ne6 25. dxe5 (25. Rc6 $16) 25... Bxe5 $14 26. Bc3 Nc5 27. Bxe5 Qxe5 28. Nd4 $36 {[%mdl 2048] [#] Threatens to win with Nc6. Black is under pressure.} Nfe4 $2 {[%mdl 8192] A mistake that costs the game.} (28... Ra8 $14) 29. Nc6 $1 $18 {[%csl LRd8,LRe5] White is clearly winning.} Qf6 30. Nxd8 Qxd8 (30... h6 $142 31. f3 Ng5) 31. b4 axb4 32. axb4 Nxa6 33. Qxa6 {Intending Rc8 and mate.} Nd6 {Inhibits Rc8.} 34. Rc6 {Weighted Error Value: White=0.12 (very precise) /Black=0.41} 1-0

[Event "Romanian Team Rapid Open 2022"]
[Site "Sebes"]
[Date "2022.12.03"]
[Round "2.14"]
[White "Creanga, Robert-Ionut"]
[Black "Secheres, Adrian-Simion"]
[Result "0-1"]
[WhiteElo "2190"]
[BlackElo "2365"]
[Annotator "TA"]
[PlyCount "72"]
[EventDate "2022.12.03"]
[EventType "rapid"]
[EventCountry "ROU"]
[SourceTitle "playchess.com"]
[Source "ChessBase"]
[SourceQuality "1"]

{[%evp 20,72,10,8,3,-8,0,6,36,0,22,0,0,-9,0,0,0,0,0,-6,0,0,0,0,0,-4,-8,-70,-70,-71,-65,-63,-68,-89,-99,-93,-85,-470,-469,-461,-446,-456,-437,-647,-655,-624,-654,-747,-746,-748,-736,-706,-710,-924,-892]} 1. d4 Nf6 2. c4 g6 3. e4 d6 4. Nf3 Bg7 5. Be2 Nbd7 6. Nc3 e5 7. d5 O-O 8. Bg5 h6 9. Bh4 g5 10. Bg3 Nh5 11. Nd2 {now scores much better than the old 11.h4.} Nf4 {E93: King's Indian: Classical: Petrosian System with 7...Nbd7.} 12. Bf1 Nc5 13. Nb3 {[#]} Na6 $146 {The position is equal.} ({Predecessor:} 13... f5 14. Nxc5 dxc5 15. Qc2 a6 16. O-O-O b5 17. f3 b4 18. Na4 fxe4 19. fxe4 Bg4 {½-½ (31) Andreikin,D (2720)-Fedoseev,V (2659) Berlin 2015}) 14. a3 c6 15. Qc2 cxd5 16. cxd5 Bd7 17. f3 f5 18. Nd2 Rc8 {[%cal Ob7b5]} 19. Bf2 $1 {Prevents b5.} Nc5 20. g3 Ng6 {[%cal Oc5a4]} 21. Bxc5 Rxc5 22. exf5 $1 Bxf5 23. Bd3 (23. Nde4 $11) 23... Bxd3 $1 $15 {Black is more active.} 24. Qxd3 {[#]} e4 $1 $36 {[%mdl 2048] White is under pressure.} 25. Ncxe4 (25. Qxe4 $2 Re8 26. O-O Rxe4 $19) (25. Ndxe4 $2 Ne5 26. Qe3 Nxf3+ 27. Kd1 Rc7 $19) 25... Ne5 26. Qb3 {[#]} Qa5 {[%csl LRd5,LRf3]} 27. O-O (27. Qxb7 $2 Nxf3+ 28. Kd1 Nxd2 $19) 27... Rb5 (27... Rxd5 $2 28. Nc3 (28. Qxb7 Rxd2 29. Nxd2 Qxd2 $17) 28... Nxf3+ 29. Nxf3 $18) 28. Nc4 {[%mdl 8192] Loses the game.} (28. Qd1 $17 Rxb2 29. Rb1 Qxd5 30. Rxb2 Qd4+ 31. Rf2 Qxb2 32. Nc4) 28... Rxb3 $19 {Black is clearly winning.} 29. Nxa5 Rxb2 ({Worse is} 29... Rbxf3 30. Nxb7 (30. Nxd6 Ng4 $11) 30... Rb3 31. Rxf8+ (31. Nexd6 $2 Nf3+ 32. Rxf3 Rfxf3 $19) 31... Bxf8 32. Nbxd6 $11) (29... Nxf3+ $2 30. Rxf3 Rbxf3 31. Rd1 $19) 30. f4 gxf4 31. gxf4 (31. h3 $142 fxg3 32. Rxf8+ Bxf8 33. Rf1) 31... Ng4 32. Rad1 {Prevents Bd4+.} Ne3 {Prevents Nc4.} ({Inferior is} 32... Nxh2 33. Rf2 Rxf2 34. Nxf2 Nf3+ 35. Kf1 $17) ({Weaker is} 32... Rxh2 33. Rf3 $17) 33. Nxd6 Nxd1 34. Rxd1 Rxf4 {( -> ...Bd4+)} 35. Ndc4 Re2 {Hoping for ...Bd4+.} 36. Kh1 Rh4 {Weighted Error Value: White=0.52/Black=0.02 (flawless)} 0-1

[Event "Romanian Team Rapid Open 2022"]
[Site "Sebes"]
[Date "2022.12.03"]
[Round "2.15"]
[White "Ciorgovean, Iustin"]
[Black "Butolo, Alexandru-Mircea"]
[Result "1-0"]
[WhiteElo "2319"]
[BlackElo "2043"]
[Annotator "TA"]
[PlyCount "106"]
[EventDate "2022.12.03"]
[EventType "rapid"]
[EventCountry "ROU"]
[SourceTitle "playchess.com"]
[Source "ChessBase"]
[SourceQuality "1"]

{[%evp 17,106,38,39,35,32,0,32,21,15,17,20,4,4,6,7,5,6,0,9,0,5,0,0,-28,-11,-17,-17,-84,-81,-114,-24,-46,-23,-95,-91,-97,0,0,0,-18,23,5,11,0,0,0,0,0,0,0,162,154,154,169,161,120,114,114,177,172,181,178,178,186,241,238,238,170,241,240,237,241,241,241,241,241,356,345,349,341,334,320,292,270,1641,1558,1483,1513,1191,1034,569]} 1. Nf3 Nf6 2. c4 e6 3. g3 a6 4. Bg2 b5 5. b3 Bb7 6. O-O Be7 7. Nc3 b4 8. Na4 O-O 9. d4 {9.Bb2 is more advanced technology.} d6 10. Bb2 {[%cal Od4d5] A13: English Opening: 1...e6.} Nbd7 {Inhibits d5.} 11. Rc1 {[%cal Od4d5] [#]} Bc6 $146 ({Predecessor:} 11... c5 12. d5 e5 13. Nh4 g6 14. Nf3 Ne8 15. e4 Ng7 16. h4 f5 17. exf5 gxf5 {½-½ (62) Conquest,S (2488)-Georgiev,K (2626) Warsaw 2004}) 12. Nd2 {White is slightly better.} Bxg2 13. Kxg2 c5 14. dxc5 Nxc5 15. Nxc5 dxc5 16. Qc2 Qc7 (16... Qb6 {simplifies} 17. Kg1 a5 18. a4 bxa3 19. Bxa3 Qc6) 17. Rfd1 Rfd8 18. Kg1 Ng4 19. Qe4 (19. Nf3 {simplifies} Bf6 20. Bxf6 Nxf6 21. Ne1) 19... Bf6 20. Qxg4 Bxb2 21. Rb1 Bc3 22. Nf3 (22. Qf3 $11) 22... Qa5 $17 23. Qh5 g6 (23... Qxa2 $6 24. Ng5 h6 25. Qxf7+ (25. Nxf7 Rxd1+ 26. Rxd1 Qc2 $11) 25... Kh8 26. Nxe6 Rxd1+ 27. Rxd1 $11) (23... h6 $17 24. Ne5 Bxe5 25. Qxe5 Rxd1+ 26. Rxd1 Qxa2) 24. Qh4 $11 Kg7 (24... Bg7 $5 {[%cal Rd8d1]}) 25. Ng5 (25. Rxd8 Rxd8 26. Kg2 (26. Ng5 $2 h6 $19) 26... Bf6 $17) (25. Qf4 $11) 25... h6 $17 26. Ne4 g5 {Against e3} ({Black should try} 26... Qxa2 $17 {aiming for ...g5.} 27. Nxc5 Qxe2 28. Rxd8 g5) 27. Qh5 $40 {[%mdl 128] White mounts an attack.} Qxa2 28. Nxc5 Qc2 29. Nd3 a5 30. Qf3 a4 31. Rdc1 {Prevents a3.} Qa2 {[#] White must now prevent ...a3.} 32. bxa4 Qxa4 33. c5 {[%cal Bc4c5,Bc5c6][%mdl 32]} Qd7 $2 (33... Rac8 $11 {and Black stays safe.}) 34. Nxb4 $18 Bxb4 35. Rxb4 {Hoping for Rb7.} Qd2 36. Qc3+ Qxc3 37. Rxc3 $16 {[%mdl 4096] Endgame KRR-KRR} Kf6 (37... Ra7 $16 38. Kg2 Kf6) 38. c6 Ke5 39. Rb7 f5 40. Kg2 Rac8 (40... Kf6 {was called for.} 41. c7 Re8) 41. Rh7 $18 (41. c7 Rd7 42. Rc1 h5) 41... Rh8 42. Re7 Rhe8 (42... Kf6 $142 43. Rb7 h5) 43. Re3+ Kd5 44. R3xe6 ({Inferior is} 44. Rxe8 Rxe8 45. c7 Rc8 $14) 44... Rxe7 45. Rxe7 {Strongly threatening Rd7+.} Rxc6 {[#] KR-KR} 46. f4 $1 Kd4 (46... gxf4 $142 47. gxf4 Rf6) 47. Re5 Rf6 48. Kf3 g4+ 49. Kf2 Kc4 50. e4 fxe4 (50... Kd3 51. exf5 (51. Rxf5 Ra6 $14) 51... Rb6 52. Re3+ Kd4) 51. Ke3 {White is clearly winning.} ({Weaker is} 51. Rxe4+ Kd3 52. Re7 Ra6 $14) 51... Ra6 52. Kxe4 Kc3 53. Rh5 {f5 is the strong threat.} Ra4+ {Weighted Error Value: White=0.15 (very precise) /Black=0.24 (precise)} 1-0

[Event "Romanian Team Rapid Open 2022"]
[Site "Sebes"]
[Date "2022.12.03"]
[Round "2.16"]
[White "Prelipcean, Eric-Matei"]
[Black "Nastore, Pavel-Alexandru"]
[Result "1/2-1/2"]
[WhiteElo "1909"]
[BlackElo "2218"]
[Annotator "TA"]
[PlyCount "110"]
[EventDate "2022.12.03"]
[EventType "rapid"]
[EventCountry "ROU"]
[SourceTitle "playchess.com"]
[Source "ChessBase"]
[SourceQuality "1"]

{[%evp 25,110,28,55,39,39,20,52,7,37,-40,-42,-37,0,0,14,11,34,27,41,34,32,21,60,66,66,45,75,56,69,69,97,74,72,62,129,66,172,68,73,67,83,48,70,61,73,61,77,87,81,86,60,16,118,114,118,124,125,106,109,129,162,179,153,8,8,8,400,384,733,680,631,609,1796,1354,1149,1057,1915,1798,1656,1885,1757,1681,1426,1282,825,0,734]} 1. d4 Nf6 2. c4 c5 3. d5 e6 4. Nc3 exd5 5. cxd5 d6 6. e4 g6 7. Nf3 a6 8. a4 Bg4 9. h3 Bxf3 10. Qxf3 Bg7 11. Bd3 O-O 12. O-O Nbd7 13. Bf4 Ne8 14. Qe2 {[#] A70: Modern Benoni: 6 e4 g6 7 Nf3.} Rc8 $146 ({Predecessor:} 14... Ne5) 15. Bg3 Qa5 16. Rfc1 {White is slightly better.} Ne5 17. Bxe5 (17. Bb1 $14) 17... Bxe5 $15 18. Nd1 {[%cal Bc3d1,Bd1e3,Be3c4][%mdl 32]} Bg7 19. Ne3 Nf6 20. Nc4 {[%csl LRa5,LRd6]} Qd8 21. a5 $1 Re8 22. Qc2 Qe7 23. Re1 Nh5 24. g3 Bd4 25. Kh2 Qf6 26. Rf1 (26. Kg2 {is more complex.} Rcd8 27. Qd2 Ng7 28. Re2) 26... Ng7 27. f4 {[%cal Oe4e5]} Qe7 {Prevents e5.} 28. Rae1 Rcd8 29. Qb3 Qc7 {[#] Against e5} (29... f6 $14) 30. Re2 (30. e5 $1 $16) 30... Kh8 ({Black should try} 30... Rf8 $14) 31. Rfe1 (31. e5 $1 $18) 31... f6 $14 32. Qb6 Qxb6 33. Nxb6 Kg8 34. Kg2 g5 35. Kf3 Kf7 36. Nc4 h5 37. fxg5 fxg5 38. e5 (38. Rb1 {simplifies} Kg8 39. Kg2 Rd7 40. b4) 38... Bxe5 (38... dxe5 $11 {remains equal.} 39. Kg2 (39. Nxe5+ Kf6 $11) 39... Rxd5) 39. Nxe5+ $16 Rxe5 40. Rxe5 dxe5 41. Rxe5 $11 {[%mdl 4096] Endgame KRB-KRN} Kf6 42. Ke4 Re8 {Against h4} 43. Rxe8 Nxe8 $18 {[#] KB-KN} 44. Be2 (44. d6 $1 $16 Ke6 45. Bc4+ Kd7 46. Kd5) 44... Nd6+ $11 45. Kd3 Ke5 $2 {[%mdl 8192]} (45... h4 $1 $11 46. gxh4 gxh4) 46. Bxh5 $18 Kxd5 $2 (46... Nf5 47. Bf3 Nd6) 47. Bf3+ Ke5 48. h4 gxh4 49. gxh4 {[%cal Bg3h4,Bh4h5][%mdl 32]} Kf4 50. Be2 {aiming for h5.} Kf5 51. h5 Kg5 52. Bf3 Kf5 53. b3 Kg5 54. Ke3 Kf5 55. Kd3 $2 ({Better is} 55. h6 $18) 55... Ke5 $2 {[%mdl 40960] Weighted Error Value: White=0.30/Black=0.45. An unexpected result.} (55... Kg5 $11 56. Kc3 Kf6) 1/2-1/2

[Event "Romanian Team Rapid Open 2022"]
[Site "Sebes"]
[Date "2022.12.03"]
[Round "2.17"]
[White "Costachi, Mihnea"]
[Black "Stefan, Romulus-Cristian"]
[Result "1-0"]
[WhiteElo "2476"]
[BlackElo "2097"]
[Annotator "TA"]
[PlyCount "53"]
[EventDate "2022.12.03"]
[EventType "rapid"]
[EventCountry "ROU"]
[SourceTitle "playchess.com"]
[Source "ChessBase"]
[SourceQuality "1"]

{[%evp 14,52,61,62,63,66,55,54,66,45,52,66,56,63,79,64,68,62,66,62,60,64,75,63,83,-38,-35,-35,0,-11,0,0,0,0,57,58,165,109,29994,29995,29999]} 1. d4 g6 2. c4 d6 3. e4 Bg7 4. Nc3 Nc6 5. Be3 e5 6. d5 Nd4 7. Nge2 Nxe2 8. Bxe2 (8. Nxe2 f5 $11) 8... Bh6 {A42: Modern Defence: Averbakh Variation.} 9. Bxh6 Nxh6 10. Qd2 Ng4 {White is slightly better.} 11. O-O O-O {[#]} 12. Bxg4 $146 ({Predecessor:} 12. a4 Qe7 13. h3 Nf6 14. a5 Bd7 15. b4 Rab8 16. Qh6 b6 17. Rfc1 Rfc8 18. Ra2 {½-½ (79) Semmler,R (2391)-Milde,L (2355) ICCF email 2020}) 12... Bxg4 13. f4 {[%cal Bf2f4,Bf4f5][%mdl 32]} Bd7 14. f5 f6 15. Qh6 g5 16. h4 {White is much more active.} gxh4 $1 17. Rf3 Rf7 18. Rh3 c6 19. c5 {Inhibits Qb6.} (19. dxc6 $16 Bxc6 20. Qxh4) 19... dxc5 $15 20. Qxh4 Qb6 21. Kh2 Raf8 ({Don't do} 21... Qxb2 22. Rb1 Qd2 23. Rxb7 $18 (23. Rg3+ Kh8 $18)) ({Resist} 21... Rg7 22. Qxf6 Qxb2 23. Rg1 $14) 22. b3 Rg7 23. Rd1 {Strongly threatening Rdd3.} Qc7 (23... Kh8 $1 $11) 24. d6 (24. Rdd3 $5 {[%cal Rd5d6]} Rff7 25. d6 $14) 24... Qa5 {[#]} (24... Qd8 $1 $14) 25. Rdd3 $1 $18 {White threatens Rdg3 and mate.} Qd8 $2 {[%mdl 8192]} (25... Rff7 $16) 26. Rdg3 {[%mdl 64] Deflection} Rxg3 27. Qxh7# {Weighted Error Value: White=0.09 (flawless) /Black=0.46} 1-0